Guess the footballer by his transfer - Statistics

General Stats
  • This quiz has been taken 104 times
  • The average score is 4 of 20
Answer Stats
Transfer Fee (€) From To Footballer % Correct
35,00 mln € Tottenham Real Madrid Luka Modrić
83%
10,00 mln € Vancouver Whitecaps FC Bayern Munich Alphonso Davies
66%
22,00 mln € Chlesea Wolfsburg Kevin De Bruyne
57%
8,00 mln € Everton Al-Rayyan SC James Rodriguez
37%
30,00 mln € Real Madrid Manchester City Danilo
24%
30,00 mln € Wolfsburg Borussia Dortmund André Schürrle
17%
8,40 mln € Bolton Chlesea Gary Cahill
16%
23,50 mln € Deportivo de La Coruña FC Barcelona Rivaldo
14%
18,80 mln € Wigan Athletic Manchester United Antonio Valencia
13%
26,50 mln € FC Basel 1893 FC Schalke 04 Breel Embolo
13%
16,00 mln € Udinese Calcio SSC Napoli Piotr Zielinski
11%
2,00 mln € Real Madrid SC Freiburg Philipp Lienhart
10%
8,10 mln € Vitesse Werder Bremen Milot Rashica
9%
14,00 mln € Sassuolu Atletico Madrid Sime Vrsaljko
9%
24,00 mln € Zenit Petersburg Valencia CF Ezequiel Garay
8%
9,80 mln € Olympique Marseille Arsenal Robert Pirès
6%
4,00 mln € Deportivo de La Coruña Newcastle United Fabian Schär
5%
14,50 mln € Celtic Glasgov FC Southampton Victor Wanyama
5%
7,50 mln € Inter Milan SSC Napoli Goran Pandev
3%
11,00 mln € FC Barcelona AC Parma Hristo Stoichkov
3%
No matching quizzes found
Score Distribution
Percent of People with Each Score
Percentile by Number Answered
Your Score History
You have not taken this quiz